000 00523nam a2200193Ia 4500
005 20250326141113.0
008 250326s9999 xx 000 0 und d
020 _a0 8039 8944 X
037 _aTextbook
040 _aFMSL
_beng
_cFMSL
041 _aeng
_2eng
084 _aX:74 N5
_qFMSL
100 _aClark Jon
_9245164
245 0 _aManaging innovation and change
_cClark Jon
260 _aLondon
_bLondon, Sage Publication
_c1995
300 _a274p
942 _cTB
_hX:74 N5
999 _c1288717
_d1288717